Las ideas políticas de Ortega y Gasset / (Record no. 43013)

MARC details
000 -LEADER
campo de control de longitud fija 00576nam a2200181 i 4500
001 - NÚMERO DE CONTROL
campo de control 43013
003 - IDENTIFICADOR DE NÚMERO DE CONTROL
campo de control ES-MaACL
005 - FECHA Y HORA DE LA ÚLTIMA TRANSACCIÓN
campo de control 20230906160722.0
007 - CAMPO FIJO DE DESCRIPCIÓN FÍSICA--INFORMACIÓN GENERAL
campo de control de longitud fija t|
008 - DATOS DE LONGITUD FIJA--INFORMACIÓN GENERAL
campo de control de longitud fija 030314s1968 sp ||||1| spa d
100 1# - ENTRADA PRINCIPAL--NOMBRE DE PERSONA
Nombre de persona Cepeda Calzada, Pablo.
9 (RLIN) 37431
245 14 - MENCIÓN DEL TÍTULO
Título Las ideas políticas de Ortega y Gasset /
Mención de responsabilidad, etc. por Pablo Cepeda Calzada.
260 ## - PUBLICACIÓN, DISTRIBUCIÓN, ETC.
Lugar de publicación, distribución, etc. Valladolid :
Nombre del editor, distribuidor, etc. Universidad,
Fecha de publicación, distribución, etc. 1968.
300 ## - DESCRIPCIÓN FÍSICA
Extensión 244 p. ;
Dimensiones 21 cm.
600 14 - PUNTO DE ACCESO ADICIONAL DE MATERIA--NOMBRE DE PERSONA
Nombre de persona Ortega y Gasset, José,
Fechas asociadas al nombre 1883-1955-
Subdivisión general Crítica e interpretación
9 (RLIN) 87505
852 ## - LOCALIZACIÓN
Ubicación ES-MaACL
Número de control de estantería C-48527
Sublocalización o colección R.66157
Holdings
Estatus retirado Estado de pérdida Estado de daño No para préstamo Biblioteca de origen Biblioteca actual Ubicación en estantería Fecha de adquisición Fuente de adquisición Total de préstamos Signatura topográfica completa Código de barras Visto por última vez Precio de reemplazo Tipo de ítem Koha
        Biblioteca del Ateneo de Madrid Biblioteca del Ateneo de Madrid Depósito 2 17/01/2008     C-48527 1045274 23/02/2023 23/02/2023 Libro impreso